00225nam a2200097Ia 4500008004100000100001600041245002700057260002700084300000800111650000800119191201s2012 xx 000 0 und d aKOHLI, A.S. 0aPerformance Management aN. DelhibOxfordc2012 a511 aMBA